000 00549pab a2200193 454500
008 180718b2011 xxu||||| |||| 00| 0 eng d
100 _aStachowicz-Stanusch, Agata
245 _aThe impact of business education on students' moral competency: An exploratory study from Poland
260 _c2011
300 _ap.163-176.
362 _aJun
650 _aMoral values - Poland
650 _aStudents - Poland
650 _aManagement education - Poland
650 _aManagement education
773 _aVision
908 _aN
909 _a95497
999 _c95497
_d95497